000 00456nam a22001937a 4500
003 OSt
005 20260330114148.0
008 260323b |||||||| |||| 00| 0 eng d
020 _a9780367148591
040 _cBGL
082 _a510.6528 DOU : C
100 _aStinson Douglas R
245 _aCryptography Theory And Practice
250 _a4th
260 _aNew York
_bCRC Press
_c2025
300 _a580p
650 _aMathematics
942 _2ddc
_cGB
999 _c44334
_d44334